Culture générale - Statistiques

Statistiques générales
  • Ce quiz a été pris 104 fois
    75 depuis la dernière actualisation
  • Le résultat moyen est 16 sur 20
Statistiques - réponses
Thèmes Questions Réponses % Correct
Sport Combien de joueurs compte une équipe de football sur le terrain 11
94%
Quel est le nombre de sets maximum en match de tennis masculin en Grand Chelem 5
92%
Quel est le nom du célèbre coureur de 100 mètres jamaïcain Usain Bolt
92%
Qui a chanté "Allumez le feu" Johnny Hallyday
90%
Quel est le seul sport de combat olympique d’origine japonaise Judo
88%
Quel est l’instrument le plus joué dans le monde La guitare
88%
Quel style musical vient de la Jamaïque Le Reggae
87%
Quel est le pays le plus peuplé du monde Inde
85%
Quel est le nageur américain qui a gagné le plus de médailles olympiques Michael Phelps
83%
Quel est le plus grand pays d’Amérique du Sud Brésil
81%
Quel est le pays d’origine de la marque Toyota Japon
81%
Quel est le plus petit pays du monde Vatican
79%
Quel est le pays d’origine de la K-pop La Corée du Sud
77%
Pays Quel pays a le plus d’îles Suède
75%
Quel est le pays d’origine de la marque IKEA Suède
75%
Quelle est la marque de voiture ayant comme logo un cheval cabré Ferrari
73%
Marques Quel est le créateur de Tesla Elon Musk
67%
Musique Quel groupe a sorti l’album "Abbey Road" The Beatles
58%
Quel est le nom de la marque de smartphones d’Apple iPhone
56%
Quel est le plus jeune pays d’Afrique Soudan du Sud
40%
Aucun quiz correspondant
Distribution des résultats
% des personnes avec chaque résultat
Percentile par nombre de réponses
Votre historique - résultats
Vous n’avez pas pris ce quiz depuis la dernière actualisation